Les cinquante - Statistiques

Statistiques générales
  • Ce quiz a été pris 890 fois
    305 depuis la dernière actualisation
  • Le résultat moyen est 98 sur 185
Statistiques - réponses
Nombre Joueurs % Correct
27 Julie BERTIN
93%
157 Julie RICCI
93%
174 Manon TANTI
89%
115 Laura LEMPIKA
86%
123 Laura MARRA
86%
60 Mélanie DEDIGAMA
84%
18 Gregory BASSO
83%
184 Greg YEGHIAZARIAN
83%
26 Julien BERT
83%
173 Julien TANTI
83%
9 Mélanie AMAR
83%
147 Mélanie ORLENKO
83%
46 Simon CASTALDI
83%
82 Simon FERRAUD
83%
87 Maéva GHENNAM
80%
125 Maeva MARTINEZ
80%
75 Jessica ERRERO
78%
103 Cassandra JULLIA
76%
57 Nicolas COUTEAU
76%
117 Nikola LOZINA
76%
95 Kévin GUEDJ
75%
186 Kevin ZAMPA
75%
145 Amélie NETEN
74%
71 Benoit DUBOIS
72%
98 Kelly HELARD
72%
180 Kelly VANDERMYNS
72%
56 Marco COSTA VEIGA
72%
3 Neymar ABDELKADER
71%
143 Anthony NACCARATO
70%
78 Solène FAVREAU
70%
84 Solène FOUQUEZ
70%
154 Lou PERNAUT
69%
73 Marine EL HIMER
69%
4 Thomas ADAMADANPOULOS
69%
155 Thomas PLISSON
69%
167 Cindy SANDER
68%
152 Enzo PECH-CHAHINIAN
68%
168 Enzo SANDER
68%
165 Jeremy SAMAT
68%
25 Marine BERNACKI
68%
79 Nicolo FEDERICO FERRARI
68%
138 Cindy MIRANDA
67%
164 Fanny SALVAT
67%
39 Frédérique BRUGIROUX
67%
94 Vivian GRIMIGNI
67%
169 Ludivine SARHA
66%
132 Victoria MEHAULT
65%
5 Maissane AGHIOUL
63%
102 Milla JASMINE
63%
90 Alex GIUDICELLI
62%
140 Julia MORGANTE
62%
149 Julia PAREDES
62%
52 Stéphanie CLERBOIS
62%
161 Adixia ROMANIELLO
61%
33 Colette BOUTAGHAT-MATAGNE
61%
43 Jonathan CANARSA
61%
67 Jonathan DJEREHE
61%
175 Kamila TIR
61%
148 Morgan OUATTA
61%
2 Noré ABDELALI
61%
47 Jade CAVOUÉ
60%
113 Jade LEBOEUF
60%
40 Tom BRUSSE
59%
65 Christophe DICRANIAN
58%
120 Cynthia MAKHOUL
58%
83 Robin FORABOSCHI
58%
10 Carla AMZALLAG
57%
86 Carla GHEBALI
57%
72 Eva DUCCI
57%
134 Marwa MERAZKA
57%
74 Océane EL HIMER
57%
160 Stéphane RODRIGUES
57%
35 Benjamin BOVE
56%
89 Hugo GIRARD
56%
45 Martika CARINGELLA
56%
166 Shauna SAND
56%
114 Ulysse LECONTE
56%
1 Ambre ABADIA
55%
7 Jean ALSO
55%
29 Ania BL
54%
179 Edgar ULRICH
54%
13 Eloise APPELLE
54%
156 Giovanni PRAT
54%
24 Liam BENEDETTO
54%
162 Perle ROMERO
54%
34 Zizou BOUZOURENE
54%
118 Anthony LYRICOS
53%
127 Anthony MATEO
53%
21 Beverly BELLO
53%
76 Jordan FAELENS
53%
66 Katell DI MURO
53%
63 John-David DERY
52%
91 Kim GLOW
52%
96 Louison GUITTENY
52%
80 Romain FELIX
52%
172 Romain SPONDAREK
52%
126 Sarah MARTINS
52%
144 Emilie NEF NAF
51%
181 Hillary VANDEROSIERAN
51%
124 Jimmy MARTIN
51%
51 Paul CHAMPION
51%
92 Sephora GOIGNAN
51%
42 Anaïs CAMIZULI
50%
97 Carine HADDADOU
50%
182 Christopher VIA PUTJE
50%
23 Eddy BEN YOUSSEF
50%
178 Esmeralda TURRISI
50%
16 Gabriel AYUSO
50%
8 Sandra ALYNKA
50%
153 Clarysse PEREIRA
49%
139 Florian MONTANA
49%
171 Florian SILMONT
49%
128 Haneia MAURER
49%
99 Micha IONNIKOF
49%
119 Ryad MAHDID
48%
70 Aurélie DOTREMONT
47%
108 Jean-Pascal LACOSTE
47%
177 Adrien TRUONG
46%
135 Maxime MERKOUCHENKO
46%
163 Linda ROUBINE
45%
158 Ludivine RIERA
45%
142 Olivanie MOUNTISSA
45%
93 Bastien GRIMAL
44%
137 Charlotte MINT
44%
100 Rémy JAMAIS
44%
88 Lisa-Marie GIOCANTI
43%
19 Valentin BAUDRIER
43%
12 Andy ANDREYASSIAN
42%
105 Emma KEITMANN
42%
85 Louana FRANCO SILVA
42%
41 Marjolaine BUI
42%
109 Nadège LACROIX
42%
58 Thibault DAMIANS
42%
68 Kamel DJIBAOUI
41%
49 Myriam CHAFIK
40%
150 Neverly PARIS
40%
110 Romane LAMARRE
40%
28 Tressia BERTIN
40%
37 Vanessa BRECKPOT
40%
38 Alan BRONCIAC
39%
133 Inès MELAS
39%
170 Inès SBERRO
39%
55 Virginie CONTE
39%
17 Coumba BARADJI
38%
183 Mako VIVIER
38%
104 Noah KAA
38%
101 Gary JARNY
37%
50 Jamel CHAIBI
37%
22 Mélissa BEN
37%
136 Valéria MERKOUCHENKO
37%
64 Fabrice DEVAUD
36%
107 Kayla KULA
36%
11 Loanne ANANAS
36%
6 Amin AÏT-AHMED
35%
121 Patrice MAKTAV
35%
62 Sacha DELOUIS
35%
20 Soraya BELHADI
35%
53 Anissa CONSUL
34%
44 Cédric CARIAN
34%
61 Coralie DELMARCELLE
34%
185 Scott ZADAR
34%
14 Iléana ARNAUD
33%
81 Perrine FENTY
33%
146 Antoine NORMANDIN
32%
54 Cécile CONSUL
32%
176 Nabil TOUFIK
32%
116 Chani LENGLET
31%
122 Delphine MALLET
31%
30 Kelyan BLANC
31%
111 Mathias LAMMARI
31%
32 Geoffrey BOUIN
30%
131 Joy MBELLA
30%
129 Tristan MAURISSE
30%
77 Joseph FARRET
29%
141 Montaine MOUNET
29%
130 Grace MBELLA
28%
59 Lindsay DARTOIS
28%
69 Mounia DJILLAR
28%
36 Gaëtan BRACONOT
27%
48 Jennyfer CHACHAT
27%
106 Yaël KHANS
26%
15 Zaven ASLANIAN
26%
151 Molie PASQUALINI
24%
112 Lidia LATIFI
23%
31 Vitale BODARD
23%
Aucun quiz correspondant
Distribution des résultats
% des personnes avec chaque résultat
Percentile par nombre de réponses
Votre historique - résultats
Vous n’avez pas pris ce quiz depuis la dernière actualisation